=LDR 00000nam 2200000 4500 =001 INLIS000000000007826 =005 20130612095750 =008 ***********************************Ind** =035 ##$$0010-061300000007826 =041 ##$$a Ind =082 ##$$a 347 =090 ##$$a 347.016, Win a =100 ##$$a Winarta, Frans Hendra =245 ##$$a Advokat Indonesia, citra idealisme dan keprihatinan, Frans Hendra Winarta SH =260 ##$$a 1995 $b Jakarta =300 ##$$a 248 hlm, 21 cm =650 ##$$a Pengacara-Indonesia =850 ##$$a NBPNMAT